LIBRARY & INFORMATION CENTRE, KCAET, TAVANUR

ONLINE PUBLIC ACCESS CATALOGUE (OPAC)

Oru thettum kure manushyarum / (Record no. 4274)

MARC details
000 -LEADER
fixed length control field 00439cam a2200169ua 4500
041 ## - LANGUAGE CODE
Language code of text/sound track or separate title mal
082 ## - DEWEY DECIMAL CLASSIFICATION NUMBER
Classification number 894.812308
Item number IBR/OR
100 ## - MAIN ENTRY--AUTHOR NAME
Personal name Ibrahim, Neeravil .
245 ## - TITLE STATEMENT
Title Oru thettum kure manushyarum /
260 ## - PUBLICATION, DISTRIBUTION, ETC. (IMPRINT)
Place of publication Kollam :
Name of publisher Sri Ramavilasam Press & Book Depot ,
Year of publication 1962.
300 ## - PHYSICAL DESCRIPTION
Number of Pages 92 ; .
942 ## - ADDED ENTRY ELEMENTS (KOHA)
Koha item type Books
Holdings
Withdrawn status Lost status Damaged status Home library Current library Date acquired Cost, normal purchase price Full call number Accession Number Koha item type
Withdrawn     KAUAET KAUAET 07/04/2012 1.00 894.812308 897 Books
free website counter